000 00936nam a22002655i 4500
001 178537
003 ES-MaACL
005 20250830111236.0
008 110607s1964 sp |||| | spa d
080 _a27-72
100 1 _aCasel, Odo.
_9146959
245 1 0 _aMisterio de la ekklesia
_b: la comunidad de todos los redimidos en Cristo /
_cOdo Casel ; [lo tradujo al castellano Ignacio Oñatibia].
260 _aMadrid :
_bGuadarrama,
_c1964.
300 _a514 p. ;
_c22 cm.
490 1 _aLos libros del monograma
490 1 _aTeología y siglo XX ;
_v3
504 _aBibliografía: p. 503-514.
610 2 4 _aIglesia Católica
_94639
650 4 _aVida espiritual-
_xIglesia Católica.
_9150036
700 0 _aOñatibia, Ignacio.
_987114
830 0 4 _aLos libros del monograma
_9183512
830 0 _aTeología y siglo XX ;
_v3
_9191015
852 _aES-MaACL
_jE-15417
_xOlim P-315-Ter
999 _c178537
_d178537